Statistiques concernant Paroles de chanson - Autotune de Damso

Cliquez ici pour prendre le quiz!

Statistiques générales

  • Ce quiz a été pris 460 fois
  • Le résultat moyen est 542 sur 724

Statistiques - réponses

% Correct
d'
99%
à
98%
de
98%
l'
98%
p'
98%
s'
98%
T'
98%
t'
98%
t-
98%
?
97%
C'
97%
c'
97%
r'
97%
J'
96%
j'
96%
m'
96%
n'
96%
au
95%
dans
95%
Je
95%
je
95%
La
95%
95%
la
95%
ça
93%
ca
93%
en
93%
es
93%
Et
93%
et
93%
ai
91%
pas
91%
me
90%
me-
90%
qu'
90%
le
89%
plus
89%
Plus
89%
que
89%
suis
89%
suis,
89%
veux
89%
bouche
88%
est
88%
ma
88%
ne
88%
reste
88%
Reste
88%
sa
88%
Sa
88%
se
88%
sûr
88%
sur
88%
Sur
88%
toi,
88%
toi
88%
on
87%
si
87%
Si
87%
douche
86%
du
86%
Verre
86%
vodka
86%
ensemble
85%
mon
85%
Mon
85%
elle
84%
Elle
84%
mais
84%
Mais
84%
nous
84%
Tu
84%
tu
84%
un
84%
voir
84%
ce
81%
incapable
80%
même
80%
aime
79%
cœur
79%
autotune
77%
ken
77%
lui
77%
per-
77%
souche
77%
drap
76%
fume
76%
il
76%
trop,
76%
trop
76%
une
76%
autoroute
75%
bois
75%
fait
75%
Fait
75%
noir
75%
qui
75%
herbe
74%
pote
74%
Pro
74%
aire
73%
deuxième
73%
être
73%
moi
73%
poids
73%
Avec
72%
mieux
72%
perds
72%
revoir
71%
va
71%
passera
70%
car
69%
pour
69%
quel
69%
chez
68%
ont
68%
sais
68%
Sais-
68%
voix
68%
orgasme
67%
sans
67%
Après
66%
faire
66%
vie
66%
vie,
66%
demandes
65%
dis
65%
écris
65%
élève
65%
ils
65%
peut-
65%
Dangereux
64%
tout
64%
Tout
64%
veut
64%
prends
63%
sale
63%
soin
63%
bien
62%
point
62%
comme
61%
les
61%
bandit
60%
dire
60%
dire,
60%
réponses
60%
Tes
60%
thème
60%
enfants,
58%
myope
58%
peine
58%
trouvent
58%
maison,
57%
seulement
57%
disais
56%
parle
56%
patin,
56%
patinoire
56%
espoir
55%
instrumentale
55%
saoules
55%
Beretta
54%
ressens
54%
Bonne
53%
ose
53%
d'amour
52%
revoie
51%
tire
51%
Tools
51%
léopard
50%
92i
49%
Noémie
47%
catins
46%
Lenoir
46%
Y-
46%
y
46%
strings
45%
lotie,
44%
aux
40%
Aux
40%
fais
39%
friendzone
39%
talons
38%
partir,
37%
partir
37%
vise
37%
son
35%
vois
35%
pis,
34%
Quelques
34%
tard
33%
décide
31%
boule
30%
gêne
28%
piste,
28%
râteaux
28%
premier
27%
savait
27%
semblant
27%
assure
26%
bédo
26%
ferai
26%
arrêter
25%
crois
25%
"Tant
25%
tant
25%
pourrais
24%
assume"
23%
danse,
23%
cho
22%
couplet,
22%
sensible,
22%
faut
21%
prendre
21%
tranquille,
21%
dancehall
20%
yeah-
20%
aucune"
19%
comment
19%
joue
19%
lune
19%
promis
19%
tendre
19%
baiserai
18%
celle
18%
dos,
18%
fins
18%
j'suis
18%
menti,
18%
puterie
18%
fine
17%
hauts,
17%
ouais
17%
Ouais
17%
parait
17%
attaque
16%
Blonde
16%
Juste
16%
pieu
16%
platine,
16%
tape
16%
redemande
15%
bitch
14%
DiabatéDiabaté
14%
Dragon
14%
SidikiSidiki
14%
Surpris,
14%
barreau
12%
clair
12%
donne
12%
uniquement
12%
Avocate
11%
Benzo
11%
encendre
11%
Hollande
11%
mouv
11%
poireau
11%
Françoise
10%
glougloutage
10%
hôtel
10%
Obligé
10%
Quand
10%
habile
9%
queue
9%
diable,
8%
humanité
8%
sper,
8%
thune
8%
aimerais
7%
Gangster
7%
perdre
7%
teuch,
7%
agit
6%
dois
6%
moderne
6%
Dons
5%
hey
5%
humanitaire
5%
Mère des dragons dans Games Of ThronesKhaleesi
5%
qualifie
5%
j'fais
4%
donzelles
2%
téléphone,
2%
quitter
0%

Distribution des résultats

Percentile par nombre de réponses

% des personnes avec chaque résultat

Votre développement - résultats

Vous n’avez pas pris ce quiz